Oficjalne nazwy państw świata - Statystyki

Ogólne statystyki
  • Ten quiz został rozwiązany 7 razy
  • Średni wynik to 24 z 196
Odpowiedzi na mapie
Odpowiedzi zakodowano w zielono-czerwonej skali na mapie do tego quizu, zgodnie z poniższymi procentami.
 
Statystyki odpowiedzi
Państwo % Poprawnych
Republika Południowej Afryki
100%
Demokratyczna Republika Konga
80%
Kanada
80%
Republika Czeska
80%
Rzeczpospolita Polska
80%
Chińska Republika Ludowa
60%
Federacja Rosyjska
60%
Królestwo Danii
60%
Królestwo Hiszpanii
60%
Królestwo Norwegii
60%
Republika Środkowoafrykańska
60%
Republika Federalna Niemiec
60%
Stany Zjednoczone Ameryki
60%
Ukraina
60%
Zjednoczone Emiraty Arabskie
60%
Japonia
40%
Królestwo Niderlandów
40%
Królestwo Szwecji
40%
Republika Albanii
40%
Republika Słowacka
40%
Republika Włoska
40%
Republika Zielonego Przylądka
40%
Węgry
40%
Antigua i Barbuda
20%
Federacyjna Republika Brazylii
20%
Haszymidzkie Królestwo Jordanii
20%
Irlandia
20%
Islamska Republika Iranu
20%
Islamska Republika Mauretańska
20%
Islamska Republika Pakistanu
20%
Islandia
20%
Koreańska Republika Ludowo-Demokratyczna
20%
Królestwo Arabii Saudyjskiej
20%
Królestwo Belgii
20%
Księstwo Andory
20%
Księstwo Liechtensteinu
20%
Meksykańskie Stany Zjednoczone
20%
Mongolia
20%
Nowa Zelandia
20%
Państwo Izrael
20%
Republika Argentyńska
20%
Republika Austrii
20%
Republika Białorusi
20%
Republika Chorwacji
20%
Republika Cypryjska
20%
Republika Dominikańska
20%
Republika Estońska
20%
Republika Francuska
20%
Republika Grecka
20%
Republika Gwinei
20%
Republika Gwinei Bissau
20%
Republika Gwinei Równikowej
20%
Republika Haiti
20%
Republika Indii
20%
Republika Indonezji
20%
Republika Kazachstanu
20%
Republika Kolumbii
20%
Republika Korei
20%
Republika Kosowa
20%
Republika Kuby
20%
Republika Litewska
20%
Republika Łotewska
20%
Republika Macedonii Północnej
20%
Republika Mołdawii
20%
Republika Peru
20%
Republika Portugalska
20%
Republika San Marino
20%
Republika Serbii
20%
Republika Słowenii
20%
Republika Sudanu
20%
Republika Tunezyjska
20%
Republika Turcji
20%
Trynidad i Tobago
20%
Wielkie Księstwo Luksemburga
20%
Wspólnota Australii
20%
Wspólnota Dominiki
20%
Wyspy Salomona
20%
Algierska Republika Ludowo-Demokratyczna
0%
Arabska Republika Egiptu
0%
Barbados
0%
Belize
0%
Boliwariańska Republika Wenezueli
0%
Bośnia i Hercegowina
0%
Burkina Faso
0%
Czarnogóra
0%
Demokratyczna Republika Timoru Wschodniego
0%
Demokratyczna Republika Wysp Świętego Tomasza i Książecej
0%
Demokratyczno-Socjalistyczna Republika Sri Lanki
0%
Federacja Saint Kitts i Nevis
0%
Federalna Demokratyczna Republika Etiopii
0%
Federalna Demokratyczna Republika Nepalu
0%
Federalna Republika Nigerii
0%
Federalna Republika Somalii
0%
Grenada
0%
Gruzja
0%
Islamski Emirat Afganistanu
0%
Jamajka
0%
Konfederacja Szwajcarska
0%
Kooperacyjna Republika Gujany
0%
Królestwo Bahrajnu
0%
Królestwo Bhutanu
0%
Królestwo Eswatini
0%
Królestwo Kambodży
0%
Królestwo Lesotho
0%
Królestwo Marokańskie
0%
Królestwo Tajlandii
0%
Królestwo Tonga
0%
Księstwo Monako
0%
Laotańska Republika Ludowo-Demokratyczna
0%
Ludowa Republika Bangladeszu
0%
Malezja
0%
Niezależne Państwo Papui-Nowej Gwinei
0%
Niezależne Państwo Samoa
0%
Państwo Brunei Darussalam
0%
Państwo Erytrea
0%
Państwo Katar
0%
Państwo Kuwejt
0%
Państwo Libia
0%
Państwo Watykańskie
0%
Republika Angoli
0%
Republika Armenii
0%
Republika Azerbejdżanu
0%
Republika Beninu
0%
Republika Botswany
0%
Republika Bułgarii
0%
Republika Burundi
0%
Republika Chile
0%
Republika Chińska
0%
Republika Czadu
0%
Republika Dżibuti
0%
Republika Ekwadoru
0%
Republika Fidżi
0%
Republika Filipin
0%
Republika Finlandia
0%
Republika Gabońska
0%
Republika Gambii
0%
Republika Ghany
0%
Republika Gwatemali
0%
Republika Hondurasu
0%
Republika Iraku
0%
Republika Jemeńska
0%
Republika Kamerunu
0%
Republika Kenii
0%
Republika Kirgiska
0%
Republika Kiribati
0%
Republika Konga
0%
Republika Kostaryki
0%
Republika Libańska
0%
Republika Liberii
0%
Republika Madagaskaru
0%
Republika Malawi
0%
Republika Malediwów
0%
Republika Mali
0%
Republika Malty
0%
Republika Mauritiusu
0%
Republika Mozambiku
0%
Republika Namibii
0%
Republika Nauru
0%
Republika Nigru
0%
Republika Nikaragui
0%
Republika Palau
0%
Republika Panamy
0%
Republika Paragwaju
0%
Republika Rwandy
0%
Republika Salwadoru
0%
Republika Senegalu
0%
Republika Seszeli
0%
Republika Sierra Leone
0%
Republika Singapuru
0%
Republika Sudanu Południowego
0%
Republika Surinamu
0%
Republika Tadżykistanu
0%
Republika Togijska
0%
Republika Turkmenistanu
0%
Republika Ugandy
0%
Republika Uzbekistanu
0%
Republika Vanuatu
0%
Republika Wybrzeża Kości Słoniowej
0%
Republika Wysp Marshalla
0%
Republika Zambii
0%
Republika Zimbabwe
0%
Republika Związku Mjanmy
0%
Rumunia
0%
Saint Lucia
0%
Saint Vincent i Grenadyny
0%
Sfederowane Stany Mikronezji
0%
Socjalistyczna Republika Wietnamu
0%
Sułtanat Omanu
0%
Syryjska Republika Arabska
0%
Tuvalu
0%
Wielonarodowe Państwo Boliwia
0%
Wschodnia Republika Urugwaju
0%
Wspólnota Bahamów
0%
Zjednoczona Republika Tanzanii
0%
Zjednoczone Królestwo Wielkiej Brytanii i Irlandii Północnej
0%
Związek Komorów
0%
Nie znaleziono quizów pasujących do podanych kryteriów
Rozkład punktacji
Procent ludzi z każdym wynikiem
Percentyl według liczby udzielonych odpowiedzi
Twoja historia wyników
Nie rozwiązałeś tego quizu